000 00438nam a2200181Ia 4500
008 230711s9999||||xx |||||||||||||| ||und||
020 _a978-93-86700-52-0
041 _aENG
082 _a615.1901
_bHA-P
100 _aHajare,A.A
245 2 _aA Practical Handbook of Pharmaceutics-I
250 _a1st Ed.
260 _c2017
_aPune
_bNirali Prakashan
300 _a10.6p.
650 _aPharmacy
700 _aBhagwat,D.A
942 _cBK
999 _c7335
_d7335